Дело об учреждении наружных караульных постов при некоторых тюрьмах Воронежской губернии

Доступно только в Электронных читальных залах Найти на картеНа карте
RUSMARC
00003698nmc2a22000003x 450
00109475a1d-663b-4135-aaae-9e3bf2919f85
00520210420004547.0
100##$a20190326l18731874k l0rusy0189 ca
1010#$arus
102##$aRU
2001#$aДело об учреждении наружных караульных постов при некоторых тюрьмах Воронежской губернии
$j7 мая 1873 г. - 5 февраля 1874 г.
251##$cДело
300##$aДело
801#0$aRU
$bРГИА
$c20190326
$gRCR
801#1$aRU
$bГлавНИВЦ
$c20190326
$2rusmarc
801#2$aRU
$bПБ им. Б.Н. Ельцина
$c20210420
$gRCR
$2rusmarc
850##$aРГИА
852##$aРГИА
$eФедеральное казенное учреждение "Российский государственный исторический архив" (РГИА)
$j358
937##$hРГИА
$d12311258
$aASBIBLIO_SCAN
462#0$10014af67a45-48db-4e4b-9cc3-13b4608e89f1
$12001
$aДела Департамента полиции исполнительной МВД за 1873 год
$1251
$cОпись
$1852
$j34
$l1873 г.
461#0$10013e300ed0-cd39-49af-8489-5ba5b90fa401
$12001
$aДепартамент полиции исполнительной МВД
$1251
$cФонд
$1852
$j1286
215##$a16 л.
$d36,5х26 см
371##$aДокумент не является опубликованным и широко распространяемым
105##$ay###
1222#$ad
035##$a09475a1d-663b-4135-aaae-9e3bf2919f85
856##$uhttp://readingroom.main.prlib.ru/item.aspx?id_node=n162640131&mode=full
Формат отображения